|
|
|
|
| LEADER |
01090nam a2200253 a 4500 |
| 001 |
12573364 |
| 008 |
091102s2001 bg a b 100 0 eng d |
| 010 |
|
|
|a 2001416411
|
| 020 |
|
|
|a 9843111052
|
| 040 |
|
|
|a DLC
|c DLC
|
| 082 |
0 |
0 |
|a 338.9549/2
|2 21
|
| 245 |
0 |
0 |
|a Bangladesh economy 2000 :
|b selected issues /
|c edited by Abu Abdullah ; editorial committee, Rashidan Islam Rahman, Quazi Shahabuddin.
|
| 246 |
3 |
|
|a Bangladesh economy two thousand
|
| 260 |
|
|
|a Dhaka :
|b Bangladesh Institute of Development Studies,
|c 2001.
|
| 300 |
|
|
|a xv,163 p. :
|b ill. ;
|c 27 cm.
|
| 520 |
|
|
|a Contributed articles presented at seminar.
|
| 541 |
1 |
|
|e 00011153
|
| 651 |
|
0 |
|a Bangladesh
|x Economic policy.
|
| 651 |
|
0 |
|a Bangladesh
|x Economic conditions.
|
| 700 |
1 |
|
|a Abdullah, Abu.
|
| 710 |
2 |
|
|a Bangladesh Institute of Development Studies.
|
| 852 |
4 |
|
|a Ayesha Abed Library
|j General Shelf
|
| 999 |
|
|
|c 5419
|d 5419
|
| 952 |
|
|
|0 0
|1 0
|2 ddc
|4 0
|6 338_954920000000000_BAN_2001
|7 0
|9 5289
|a BRACUL
|b BRACUL
|c GEN
|d 2009-11-11
|g 0.00
|l 0
|o 338.95492 BAN
|p 3010011153
|r 2009-11-11
|t 1
|w 2009-11-11
|y BK
|x No price found in the accession register.
|